Obálka Náhled e-knihy:
PDF
Pro půjčování e-knih musíte být přihlášeni.
Jak si půjčit online?

Tlapková patrola. Tlapky chrání přírodu /

Příběhy oblíbených hrdinů z televizního seriálu. V Adventure Bay se chystá Festival Země, v noci se však přižene obrovská bouře, která napáchá spoustu škod. Tlapkovou patrolu čeká mnoho úkolů.

Uloženo v:
Série:Tlapková patrola, část
Hlavní autor: Stevens, Cara J. (Autor)
Další autoři: Martinez, Heather (Autor), Vichrová, Petra (Ilustrátor)
Médium: E-kniha
Jazyk:Czech
Vydáno: V Praze : Egmont, 2022
Vydání:První vydání
Edice:Paw Patrol (Egmont)
Témata:
Příbuzné jednotky:Přeloženo z: Paw patrol
Z cyklu:: Tlapková patrola
Tagy:
Žádné tagy
LEADER 02412nam a2200565 i 4500
001 311534
003 CZ PrSKC
005 20260601215707.0
007 ta
008 220408s2022 xr a a 000 j cze
015 |a cnb003415910 
020 |a 9788025251317  |q (vázáno) :  |c Kč 299,00 
035 |a (OCoLC)1329407342 
040 |a ABG001  |b cze  |e rda 
041 1 |a cze  |h eng 
072 7 |a 821-93  |x Literatura pro děti a mládež (beletrie)  |2 Konspekt 
080 |a 821-32  |2 MRF 
080 |a 821-93  |2 MRF 
080 |a (0:82-32)  |2 MRF 
100 1 |a Stevens, Cara J.  |7 ola2017960275  |4 aut 
240 1 0 |a Clean, green rescue!.  |l Česky 
245 1 0 |a Tlapková patrola.  |p Tlapky chrání přírodu /  |c napsala: Cara Stevens ; ilustrovala: Heather Martinez ; překlad Petra Vichrová 
246 3 0 |a Tlapky chrání přírodu 
250 |a První vydání 
264 1 |a V Praze :  |b Egmont,  |c 2022 
300 |a 40 nečíslovaných stran :  |b barevné ilustrace ;  |c 22 cm 
336 |a text  |b txt  |2 rdacontent 
336 |a statický obraz  |b sti  |2 rdacontent 
337 |a bez média  |b n  |2 rdamedia 
338 |a svazek  |b nc  |2 rdacarrier 
490 1 |a Paw Patrol 
500 |a Přeloženo z angličtiny 
500 |a Nad názvem označení původního nakladatele: Nickelodeon 
520 2 |a Příběhy oblíbených hrdinů z televizního seriálu. V Adventure Bay se chystá Festival Země, v noci se však přižene obrovská bouře, která napáchá spoustu škod. Tlapkovou patrolu čeká mnoho úkolů. 
521 8 |a Pro děti od 5 let 
655 7 |a příběhy  |7 fd133204  |2 czenas 
655 7 |a publikace pro děti  |7 fd133156  |2 czenas 
655 9 |a stories  |2 eczenas 
655 9 |a children's literature  |2 eczenas 
700 1 |a Martinez, Heather  |7 xx0122785  |4 ill 
700 1 |a Vichrová, Petra  |7 ola20181002403  |4 trl 
765 0 |t Paw patrol 
787 0 8 |i Z cyklu:  |t Tlapková patrola 
830 0 |a Paw Patrol (Egmont) 
900 |a ABA001  |b 21 
928 9 |a Albatros Media - Egmont 
044 |a xr 
910 |a RBIT002 
998 |d 349846  |a https://core.palmknihy.cz/api/books/349846/cover?sia9lk  |b https://core.palmknihy.cz/api/books/349846/cover/400?sia9lk  |c https://core.palmknihy.cz/api/books/349846/cover/50?sia9lk  |e 2026-06-30  |g 48  |i 9788025251317  |k https://core.palmknihy.cz/api/books/349846/preview.pdf  |l   |q 49  |r 1  |s https://www.palmknihy.cz/kniha/349846  |t ebook  |y 2022  |z 0  |v Tlapková patrola  |w 0 
999 |d 311532